000 01712cam a22005054i 4500
003 PE-LiUPU
005 20250731165628.0
008 150616s r 000 0 d
020 _a0385193513
035 _a(Sirsi) i9780385193511
040 _aPE-LiUPU
_bspa
_cPE-LiUPU
_erda
049 _aPRUA
082 0 4 _a220.3d
_bF82
_221
100 1 _aFreedman, David Noel,
_d1922-,
_eautor.
245 1 4 _aThe Anchor Bible Dictionary :
_bA - C /
_cDavid Noel Freedman.
264 1 _aNew York :
_bDoubleday Dell Publishing,
_c1992.
300 _a1232 páginas :
_bIl. ;
_c24 centímetros
336 _atext
_2rdacontent
337 _aunmediated
_2rdamedia
338 _avolume
_2rdacarrier
505 0 _aThe Anchor Bible Dictionary: A - C.
526 _aSEG44
526 _aSEG26
526 _aP151
526 _aP150
526 _aP149
526 _aP146
526 _aP145
526 _aP126
526 _aP125
526 _aP92
526 _aP75
526 _aP74
526 _aP27
526 _aP15
630 0 4 _aBiblia
_vDiccionarios.
_95969
700 1 _aHerion, Gary A.
910 _ajck
_bjvq
_cjck
942 _2ddc
_cBOOK
949 _aRC 220.3D F82
_wDEWEY
_c1
_i39760
_lCCODEBUL1
_mBUL
_r0
_sY
_tBOOK
_u2015-6-16
_xTEOLOGIA
_zUNKNOWN
_0COMPRA
_o.CIRCNOTE. No olvidar cambiar la fecha de devolución!!!!!!!
_o.STAFF. Colección General
994 _aC0
_bPEPRU
596 _a1
999 _aRC 220.3D F82
_wDEWEY
_c57409
_i39760
_f2021-11-8
_g6
_lCCODEBUL1
_mBUL
_r1
_sY
_tBOOK
_u2015-6-16
_xTEOLOGIA
_zUNKNOWN
_0COMPRA
_o.CIRCNOTE. No olvidar cambiar la fecha de devolución!!!!!!!
_o.STAFF. Colección General
_d57409
980 _81
_gALBERTO SANCHEZ Responsable de Automatización